[Event "Lanzarote op"]
[Site "Lanzarote"]
[Date "2018.06.30"]
[Round "9"]
[White "Martin Martin, Andrea"]
[Black "Montelongo Espinosa, Josefa Carm"]
[Result "0-1"]
[WhiteElo "1288"]
[BlackElo "1303"]
[PlyCount "94"]
[EventDate "2018.06.25"]
[EventType "swiss"]
[EventRounds "9"]
[EventCountry "ESP"]
[SourceTitle "CBM 185 Extra"]
[Source "ChessBase"]
[SourceDate "2018.07.29"]
[SourceVersion "1"]
[SourceVersionDate "2018.07.29"]
[SourceQuality "1"]

1. e4 g6 2. d4 Bg7 3. Nf3 d6 4. Nc3 Nf6 5. Bf4 0-0 6. Bc4 Nbd7 7. Qd2 c5 8. Bh6 cxd4 9. Nxd4 e5 10. Nf3 Nc5 11. Bd3 a6 12. h3 b5 13. a3 Bb7 14. Bxg7 Kxg7 15. Qe3 Rc8 16. Nd2 Re8 17. f3 Nh5 18. 0-0-0 Nf4 19. g3 Nfxd3+ 20. cxd3 Na4 21. Ndb1 Qa5 22. Qd2 b4 23. axb4 Qxb4 24. h4 d5 25. h5 Nc5 26. Qe3 Nb3+ 27. Kc2 Na1+ 28. Kc1 Nb3+ 29. Kc2 Na1+ 30. Kc1 d4 31. Qg5 Qe7 32. Qg4 dxc3 33. bxc3 Nb3+ 34. Kc2 Nd4+ 35. Kd2 Nb3+ 36. Kc2 Nd4+ 37. Kd2 Qg5+ 38. Qxg5 Nxf3+ 39. Ke3 Nxg5 40. hxg6 hxg6 41. Na3 f5 42. Nc4 Rc6 43. Rb1 Bc8 44. Rb8 fxe4 45. dxe4 Rxc4 46. Rhb1 Re7 47. Kd3 Rec7 0-1

[Event "Lanzarote op"]
[Site "Lanzarote"]
[Date "2018.06.27"]
[Round "6"]
[White "Montelongo Espinosa, Josefa Carm"]
[Black "Macias Reyes, Jose Luis"]
[Result "1/2-1/2"]
[WhiteElo "1303"]
[BlackElo "1596"]
[PlyCount "128"]
[EventDate "2018.06.25"]
[EventType "swiss"]
[EventRounds "9"]
[EventCountry "ESP"]
[SourceTitle "CBM 185 Extra"]
[Source "ChessBase"]
[SourceDate "2018.07.29"]
[SourceVersion "1"]
[SourceVersionDate "2018.07.29"]
[SourceQuality "1"]

1. d4 d5 2. Bf4 Nf6 3. e3 e6 4. Nd2 c5 5. c3 Nc6 6. Ngf3 Be7 7. Bd3 0-0 8. h3 a6 9. 0-0 cxd4 10. exd4 Bd7 11. Ne5 Rc8 12. Bg5 h6 13. Bh4 Be8 14. g4 Nd7 15. Bg3 Ncxe5 16. dxe5 f6 17. Nf3 fxe5 18. Nxe5 Nxe5 19. Bxe5 Bd6 20. Bxd6 Qxd6 21. Qe2 Bd7 22. Rae1 Rce8 23. f3 e5 24. Qh2 Rf4 25. Qe2 h5 26. Kh1 g5 27. Qd2 hxg4 28. fxg4 Qh6 29. Qg2 Rxg4 30. Qxd5+ Be6 31. Qf3 Rf4 32. Qg3 Bxh3 33. Rxf4 Bd7+ 34. Kg1 exf4 35. Rxe8+ Bxe8 36. Qe1 Qb6+ 37. Kf1 Qe3 38. Qxe3 fxe3 39. Ke2 Kf7 40. Kxe3 Bc6 41. Be2 Kf6 42. Bg4 Ke5 43. Bc8 a5 44. Bh3 a4 45. Bg4 Bd5 46. Bd1 b5 47. a3 Be4 48. Bf3 Bd5 49. Bg4 Bc6 50. Be2 Bd7 51. Bf3 g4 52. Bg2 g3 53. Bb7 Be6 54. Bc6 Bd5 55. Bxb5 g2 56. Kf2 Ke4 57. Bxa4 Kd3 58. Bb5+ Kc2 59. c4 Be4 60. c5 Kxb2 61. c6 Kxa3 62. c7 Bb7 63. Be2 Kb4 64. Bf3 Bc8 1/2-1/2

[Event "Canarias-ch (Women)"]
[Site "Santa Cruz de Tenerife"]
[Date "2018.05.12"]
[Round "4"]
[White "Sosa Suarez, Carla Cristina"]
[Black "Montelongo Espinosa, Josefa Carm"]
[Result "1-0"]
[WhiteElo "1987"]
[BlackElo "1305"]
[PlyCount "41"]
[EventDate "2018.05.10"]
[EventType "swiss"]
[EventRounds "6"]
[EventCountry "ESP"]
[SourceTitle "EXT 2020"]
[Source "ChessBase"]
[SourceDate "2019.10.17"]
[SourceVersion "1"]
[SourceVersionDate "2019.10.17"]
[SourceQuality "1"]

1. e4 g6 2. d4 Bg7 3. Nc3 d6 4. Be3 Nf6 5. h3 Nc6 6. f4 e6 7. Nf3 a6 8. a3 Qe7 9. Be2 Bd7 10. Qd2 b5 11. 0-0 Nh5 12. Kh2 Nf6 13. Rad1 0-0 14. Qe1 b4 15. axb4 Nxb4 16. Qd2 Bb5 17. Nxb5 Nxe4 18. Qxb4 Rab8 19. Ra1 axb5 20. Ra5 Nf6 21. Rfa1 1-0